Responses for Show #8809 - Thursday, February 16, 2023

Stephen Webb game 2.

Contestants

[<< previous game]

Brad Weinstock, an actor from Hoboken, New Jersey

Ali Miller, a product manager from San Francisco, California

Stephen Webb, a data scientist from Longmont, Colorado (whose 1-day cash winnings total $38,401)

[next game >>]

Jeopardy! Round responses

AN ANCIENT WONDER OF THE WORLD
CARS BY THE NUMBER
CELEBRITY RELATIVES
THE LETTER AFTER C
(Ken: "C" being the first letter of the term, that is.)
THE FORCE WILL BE WITH YOU
ALL WAYS
    $200 26
the Great Pyramids

Stephen
    $200 24
4

Ali
    $200 6
Schumer

Ali
    $200 30
(Ken: That's correct; czar.)

Z

Brad
    $200 12
Isaac Newton

Stephen
    $200 13
the Milky Way

Ali
    $400 23
(Brad: What is the Statue of Zeus?)

the Colossus of Rhodes

StephenBrad
    $400 22
Audi

Brad
    $400 4
Quincy Jones

Ali
    $400 29
(Ali: What is E?)
...
(Ken: That would be the chimera, so it's [*].)

H

Ali
Triple Stumper
    $400 10
G's

Brad
    $400 19
the Patchwork Parkway

Triple Stumper
    $600 16
the Mausoleum

Stephen
    $600 17
liters

Ali
    $600 2
James Dean

Brad
    $600 28
(Brad: What is...)
...
(Ken: 400 is C[*].)

D

Brad
Triple Stumper
    $1,800 9
the strong & weak forces

Stephen
    $600 14
the Mets

Ali
    $800 11
the Hanging Gardens of Babylon

Stephen
    $800 20
BMW

Stephen
    $800 3
Stanley Tucci

Brad
    $800 27
U (for culinary)

Stephen
    $800 7
torque

Stephen
    $800 18
Thomas

Stephen
    $1000 1
Artemis

Brad
    $1000 21
transmission

Stephen
    $1000 5
(Brad: Who is Gandolfini?)
(Ken: Yes, but more specifically?)

(Michael) Mike Gandolfini

Brad
    $1000 25
Y (for cyanide)

Stephen
    $1000 8
the Coriolis force

Stephen
    $1000 15
(Sir Richard) Branson

Brad

Scores at the first commercial break (after clue 15):

Stephen Ali Brad
$4,600 $1,400 $4,800

Scores at the end of the Jeopardy! Round:

Stephen Ali Brad
$10,200 $1,800 $4,400

Double Jeopardy! Round responses

MILITARY MEN
SAME FIRST & LAST LETTER GEOGRAPHY
WOMEN AUTHORS
RANKS & TITLES
DISNEY MOVIE TAGLINES
"PLAIN" & "SIMPLE"
    $400 30
(George) Patton

Brad
    $400 19
(Brad: What is Florida?)

Alabama

Brad
Triple Stumper
    $400 23
the Victorian Era

Stephen
    $400 29
justices of the peace

Ali
    $400 6
Snow White (and the Seven Dwarfs)

Ali
    $400 24
plainclothesman

Brad
    $800 28
the Red Baron

Ali
    $800 20
(Brad: I get it.)
...
(Ken: I hope so because you just found the Daily Double.)

Erie

Brad
    $800 17
gumshoe

Stephen
    $800 9
(1 of) Spain (or Portugal)

Stephen
    $5,000 5
(Ken: It's also confusing because midnight does strike in the movie.)

Cinderella

Brad
    $800 4
(Ken: Yes, he meets the pieman.)

Simple Simon

Brad
    $1200 12
Schwarzkopf

Stephen
    $4,000 21
(Brad: Oh, man. [Shakes head])
(Ken: Brad?)

Oslo

Brad
    $1200 7
(Brad: Who is Meyers?)
(Ali: Who is Anne Rice?)

Stephenie Meyer

AliBrad
Triple Stumper
    $1200 8
mogul

Triple Stumper
    $1200 3
The Sword in the Stone

Stephen
    $1200 16
keep it simple, stupid

Brad
    $1600 14
George McClellan

Triple Stumper
    $1600 25
Kodiak

Brad
    $1600 11
George Sand

Stephen
    $1600 15
swami

Triple Stumper
    $1600 2
Wreck-It Ralph

Brad
    $1600 27
the Great Plains

Stephen
    $2000 13
the Maginot Line

Stephen
    $2000 22
the Elbe

Stephen
    $2000 26
(Brad: Who is Faulkner?)
...
(Ken: I think Faulkner would be surprised to find himself in a WOMEN AUTHORS category.)
...
(Brad: Oh, no, I hope I don't go viral.)
[Laughter]

Eudora Welty

Brad
Triple Stumper
    $2000 10
thane

Brad
    $2000 1
(Ken: Lengths of hair, that is, it's [*].)

Tangled

Triple Stumper
    $2000 18
Plain Tales

Triple Stumper

Scores at the end of the Double Jeopardy! Round:

Stephen Ali Brad
$21,800 $2,200 $10,600
(lock game)

[wagering suggestions for these scores]

Final Jeopardy! Round responses

SPORTS
(Ken: Who is Ina Garten?)
[Laughter]
(Ken: She is a woman author but not much of a basketball innovator, I'm afraid.)
...
(Ken: Who are [*]? You just barely got it in.)
AliWho is the ABL?
$0
BradWho is Ina Garten
$511
StephenWho are the Harlem Globetroters
$500
the Harlem Globetrotters

Final scores:

Stephen Ali Brad
$22,300 $2,200 $10,089
2-day champion: $60,701 3rd place: $1,000 2nd place: $2,000

Game dynamics:

Coryat scores:

Stephen Ali Brad
$20,600 $2,200 $10,400
22 R
(including 1 DD),
0 W
9 R,
2 W
17 R
(including 1 DD),
6 W
(including 1 DD)

Combined Coryat: $33,200

[game clues] [game scores] [suggest correction]

Game tape date: 2022-12-15
The J! Archive is created by fans, for fans. Scraping, republication, monetization, and malicious use prohibited; this site may use cookies and collect identifying information. See terms. The Jeopardy! game show and all elements thereof, including but not limited to copyright and trademark thereto, are the property of Jeopardy Productions, Inc. and are protected under law. This website is not affiliated with, sponsored by, or operated by Jeopardy Productions, Inc. Join the discussion at JBoard.tv.